| 000 | 01441nam a22003977a 4500 | ||
|---|---|---|---|
| 001 | 672525 | ||
| 003 | OSt | ||
| 005 | 20210426120330.0 | ||
| 008 | 950814s1996 mau 000 1 eng | ||
| 010 | _a 95036018 | ||
| 020 | _a0316763799 | ||
| 040 |
_aDLC _cDLC _dDLC _dOCoLC _dDLC _beng |
||
| 041 | 1 |
_aeng _hrus |
|
| 043 | _ae-ur--- | ||
| 050 | 0 | 0 |
_aPG3476.R87 _bP713 1996 |
| 080 |
_a821.111 _bR-98 |
||
| 082 | 0 | 0 |
_a891.73/44 _220 |
| 100 | 1 |
_aRybakov, Anatoliĭ, _d1911-1998. |
|
| 240 | 1 | 0 |
_aPrakh i pepel. _lEnglish |
| 245 | 1 | 0 |
_aDust and ashes / _cAnatoli Rybakov ; translated by Antonina W. Bouis. _b/ by: Little, Brown and Company |
| 250 | _a1st edition | ||
| 260 |
_aBoston : _bLittle, Brown and Company _cc1996. |
||
| 300 |
_avi, 473 p. _c24 cm. |
||
| 365 | _b24.95 usd | ||
| 490 | 1 |
_a[The Arbat trilogy ; _vv. 3] |
|
| 500 | _a"Concluding volume of the Children of Arbat Trilogy." | ||
| 650 | 0 |
_aWorld War, 1939-1945 _zSoviet Union _xFiction. |
|
| 650 | 0 |
_aEnglish literature _9254 |
|
| 653 | _aინგლისური ლიტერატურა | ||
| 655 | 7 |
_aHistorical fiction. _2gsafd |
|
| 700 | 1 |
_aBouis, Antonina W. _eTranslator |
|
| 800 | 1 |
_aRybakov, Anatoliĭ, _d1911-1998. _tArbat trilogy ; _vv. 3. |
|
| 906 |
_a7 _bcbc _corignew _d1 _eocip _f19 _gy-gencatlg |
||
| 942 |
_2udc _cBK _e1 |
||
| 999 |
_c1031 _d1031 |
||